| 000 | 00482nam a2200193Ia 4500 | ||
|---|---|---|---|
| 005 | 20250423095934.0 | ||
| 008 | 250422s9999 xx 000 0 und d | ||
| 020 | _a9781292027500 | ||
| 050 | _aQR 63 .J64/ | ||
| 100 | _aJohn, Ted R. | ||
| 245 | 0 | _aLaboratory experiments in microbiology | |
| 250 | _a10th ed. | ||
| 260 | _aEngland | ||
| 260 | _bPearson education limited | ||
| 260 | _c2014 | ||
| 300 | _a490 p | ||
| 650 | _aMicrobiology--Laboratory manuals. | ||
| 942 | _cBK | ||
| 999 |
_c31795 _d31795 |
||